000 01467 a2200253 4500
003 Nust
005 20170207165829.0
010 _a 2009020685
020 _a0521762367 (hbk.)
020 _a9780521762366 (hbk.)
035 _a(OCoLC)ocn311769491
040 _cNust
082 0 0 _a346.07
100 1 _aSchill, Stephan
245 1 4 _aThe multilateralization of international investment law (E-Book)
_cStephan W. Schill.
260 _aCambridge, UK ;
_aNew York :
_bCambridge University Press,
_c2009.
300 _axxxvii, 451 p. :
_bill. ;
_c24 cm.
490 0 _aInternational trade and economic law
505 _aI Introduction: globalization and international investment law(Page-1) II Th e dynamics of multilateralism and bilateralism in international investment relations(Page- 23) III Treaty negotiation and multilateralization of international investment law (Page-65) IV Multilateralization through most-favored-nation treatment (Page-121) V Multilateralization and corporate structuring (Page-197) VII Multilateralization through interpretation: producing and reproducing coherence in investment jurisprudence (Page-278) VIII Conclusion: multilateralization – universalization – constitutionalization (Page-362)
650 0 _aArbitration and award, International.
650 0 _aInvestments, Foreign (International law)
650 0 _aInvestments, Foreign
_xLaw and legislation.
651 _aThe multilateralization of international investment law E-Book
942 _2ddc
_cBK
999 _c213212
_d213212